[Event "MCech mladeze 2018 - HD14"]
[Site "Harrachov"]
[Date "2018.10.31"]
[Round "6"]
[White "Bednar, Milos"]
[Black "Bruna, Matous"]
[Result "1/2-1/2"]
[WhiteElo "1301"]
[BlackElo "1505"]
[EventDate "2018.10.27"]
[PlyCount "112"]

1. e4 c5 2. Nf3 Nc6 3. d4 cxd4 4. Nxd4 Nf6 5. Nc3 g6 6. Be3 Bg7 7. Be2 O-O 8.
Qd2 d5 9. exd5 Nxd5 10. O-O-O Nxe3 11. fxe3 Bh6 12. Nxc6 Qxd2+ 13. Kxd2 bxc6
14. Rhe1 Rd8+ 15. Bd3 Ba6 16. Ke2 Bxd3+ 17. cxd3 Rab8 18. b3 Rd6 19. d4 Bg7 20.
g3 f5 21. h4 c5 22. dxc5 Rxd1 23. Nxd1 Rb5 24. Nf2 Rxc5 25. Rd1 Be5 26. Rd8+
Kf7 27. Nd3 Ra5 28. Nxe5+ Rxe5 29. a4 a5 30. Kd3 Ke6 31. Rb8 Kd6 32. Rh8 h5 33.
Rg8 Re6 34. Rb8 Kc7 35. Rb5 Re4 36. Rxa5 Rg4 37. Ra7+ Kd8 38. Ra8+ Kc7 39. a5
Kb7 40. Rd8 Rxg3 41. b4 Rg4 42. b5 Rxh4 43. Rd7+ Kb8 44. Rxe7 Rb4 45. b6 Rb5
46. Rg7 Rxa5 47. Rxg6 Kb7 48. Rg5 Kxb6 49. Rxh5 Kc6 50. Kd4 Rd5+ 51. Kc4 Rc5+
52. Kd3 Kd6 53. Ke2 Kd5 54. Kf3 Rc4 55. Rh8 Rg4 56. Rd8+ Ke5 1/2-1/2

[Event "MCech mladeze 2018 - HD14"]
[Site "Harrachov"]
[Date "2018.11.01"]
[Round "7"]
[White "Mach, Petr"]
[Black "Rokos, Filip"]
[Result "0-1"]
[WhiteElo "1869"]
[BlackElo "1962"]
[PlyCount "44"]
[EventDate "2018.10.27"]

1. d4 e6 2. c4 b6 3. e4 Bb7 4. Bd3 f5 5. exf5 Bb4+ 6. Kf1 exf5 7. c5 bxc5 8. a3
Ba5 9. dxc5 Qf6 10. Nd2 Bxd2 11. Bxd2 Ne7 12. Bc3 Qg6 13. Nf3 O-O 14. Qb3+ Bd5
15. Bc4 Qe6 16. Bxd5 Nxd5 17. Nd4 Qf7 18. Rd1 Nc6 19. Qc2 Rae8 20. Nxc6 dxc6
21. Bd4 Re4 22. f3 Rxd4 0-1

[Event "MCech mladeze 2018 - HD14"]
[Site "Harrachov"]
[Date "2018.11.01"]
[Round "7"]
[White "Jun, Rudolf"]
[Black "Jares, Michal"]
[Result "1/2-1/2"]
[WhiteElo "1880"]
[BlackElo "1893"]
[PlyCount "30"]
[EventDate "2018.10.27"]

1. e4 c5 2. c4 Nc6 3. Nf3 d6 4. d4 cxd4 5. Nxd4 Nf6 6. Nc3 g6 7. f3 Bg7 8. Be3
O-O 9. Be2 Bd7 10. O-O Nxd4 11. Bxd4 Bc6 12. Rc1 Nd7 13. Be3 a5 14. b3 Nc5 15.
Qd2 Qb6 1/2-1/2

[Event "MCech mladeze 2018 - HD14"]
[Site "Harrachov"]
[Date "2018.11.01"]
[Round "7"]
[White "Dudek, Vojtech"]
[Black "Skypala, Ondrej"]
[Result "1/2-1/2"]
[WhiteElo "2002"]
[BlackElo "1702"]
[PlyCount "24"]
[EventDate "2018.10.27"]

1. e4 e6 2. d4 d5 3. Nc3 Nf6 4. Bg5 Be7 5. e5 Nfd7 6. h4 Nc6 7. Bxe7 Qxe7 8.
Qg4 f5 9. Qf4 Nb6 10. O-O-O Bd7 11. Nf3 O-O-O 12. Nd2 Na5 1/2-1/2

[Event "MCech mladeze 2018 - HD14"]
[Site "Harrachov"]
[Date "2018.11.01"]
[Round "7"]
[White "Matejicek, Vojtech"]
[Black "Brozka, Karel"]
[Result "0-1"]
[WhiteElo "1588"]
[BlackElo "1717"]
[PlyCount "74"]
[EventDate "2018.10.27"]

1. c4 Nf6 2. Nf3 g6 3. d4 c5 4. e3 Bg7 5. Nc3 O-O 6. Be2 d6 7. O-O Nbd7 8. b3
b6 9. Bb2 Bb7 10. a3 Ne8 11. b4 e5 12. d5 f5 13. Qc2 g5 14. Rfb1 g4 15. Nd2 Qg5
16. Qd1 h5 17. e4 f4 18. Bc1 Rf6 19. f3 Rg6 20. Qf1 Nef6 21. Nb5 Ne8 22. Nb3
gxf3 23. Qxf3 Bc8 24. Kh1 Ndf6 25. bxc5 Bg4 26. Qd3 bxc5 27. Na5 h4 28. Bxg4
Nxg4 29. Qf3 h3 30. g3 Qh5 31. Bd2 fxg3 32. Qxg3 Nxh2 33. Kxh2 Qe2+ 34. Kh1
Rxg3 35. Rg1 Qf3+ 36. Kh2 Rg2+ 37. Kh1 Rxd2+ 0-1

[Event "MCech mladeze 2018 - HD14"]
[Site "Harrachov"]
[Date "2018.11.01"]
[Round "7"]
[White "Prochazka, Vojtech"]
[Black "Vaclavik, Jan"]
[Result "1-0"]
[WhiteElo "1601"]
[BlackElo "1544"]
[PlyCount "119"]
[EventDate "2018.10.27"]

1. d4 d5 2. c4 c6 3. Nf3 Nf6 4. Nc3 e6 5. e3 Be7 6. Qc2 O-O 7. b3 Nbd7 8. Bd3
c5 9. cxd5 exd5 10. O-O a6 11. Rd1 g6 12. Bb2 cxd4 13. Nxd4 Nc5 14. Bf1 Ne6 15.
g3 Bd7 16. Bg2 Rc8 17. Qd2 Bc6 18. Nxc6 bxc6 19. Rac1 Qb6 20. e4 Rfd8 21. exd5
cxd5 22. Nxd5 Nxd5 23. Rxc8 Rxc8 24. Bxd5 Rd8 25. Qe1 Bc5 26. Kg2 Qc7 27. Qc3
Bd4 28. Qxc7 Nxc7 29. Bxf7+ Kxf7 30. Rxd4 Rxd4 31. Bxd4 Ke6 32. Kf3 Nb5 33. Ke4
Nd6+ 34. Kd3 Kd5 35. h4 h5 36. Be3 Nf5 37. a3 Ng7 38. b4 Ne6 39. a4 Nc7 40. Bb6
Ne8 41. Ba5 Nd6 42. Bc7 Nb7 43. Bf4 Nd8 44. b5 axb5 45. axb5 Kc5 46. Bc7 Ne6
47. b6 Kd5 48. Ke3 Nc5 49. Kf4 Ke6 50. f3 Kf6 51. Bd8+ Kf7 52. Ke5 Ke8 53. Bc7
Kf7 54. Kd5 Na6 55. Kc6 Nb4+ 56. Kd7 Nd3 57. Kd6 Nb4 58. b7 Na6 59. b8=Q Nxc7
60. Qxc7+ 1-0

[Event "MCech mladeze 2018 - HD14"]
[Site "Harrachov"]
[Date "2018.11.01"]
[Round "7"]
[White "Hak, David"]
[Black "Ruzicka, Filip"]
[Result "1/2-1/2"]
[WhiteElo "1946"]
[BlackElo "1699"]
[PlyCount "35"]
[EventDate "2018.10.27"]

1. Nf3 b6 2. e4 Bb7 3. Nc3 e6 4. d4 Bb4 5. Bd3 Nf6 6. Qe2 d5 7. exd5 Nxd5 8.
Bd2 Nxc3 9. bxc3 Be7 10. Ne5 Bf6 11. Be4 Qc8 12. Qf3 c6 13. Nc4 Qd7 14. Bf4 O-O
15. Qh3 g6 16. Ne5 Qc8 17. Ng4 Bg7 18. Bd3 1/2-1/2

[Event "MCech mladeze 2018 - HD14"]
[Site "Harrachov"]
[Date "2018.11.01"]
[Round "7"]
[White "Ret, Adam Josef"]
[Black "Juchelka, Marek"]
[Result "1-0"]
[WhiteElo "1859"]
[BlackElo "1453"]
[PlyCount "95"]
[EventDate "2018.10.27"]

1. d4 f5 2. c4 e6 3. Nc3 d5 4. Nf3 c6 5. Bf4 Nf6 6. e3 Bd6 7. Bd3 O-O 8. Qc2
Ne4 9. h4 Qc7 10. g3 Qe7 11. c5 Bxf4 12. gxf4 Nd7 13. O-O-O b5 14. Rdg1 a5 15.
Rg2 Ndf6 16. Ne5 Bd7 17. f3 Nxc3 18. Qxc3 b4 19. Qe1 Kh8 20. h5 Be8 21. Rgh2
Kg8 22. Qg3 Qc7 23. Qg5 h6 24. Qg3 Ra7 25. Qg2 Qd8 26. Rg1 Kh7 27. Bc2 Rg8 28.
Ba4 Rc7 29. Rgh1 Qe7 30. Qe2 Qd8 31. Qa6 Nd7 32. Nxc6 Rxc6 33. Qxc6 Nxc5 34.
Qxc5 Bxa4 35. Kb1 Qd7 36. Qxa5 Rc8 37. Rc1 Rxc1+ 38. Kxc1 Qc6+ 39. Qc5 Qa6 40.
b3 Qf1+ 41. Kb2 Qg1 42. Qc2 Bb5 43. Qf2 Qd1 44. Rg2 Qd3 45. Qe1 Ba6 46. Qc1 Qb5
47. Qc7 Qb7 48. Rxg7+ 1-0

[Event "MCech mladeze 2018 - HD14"]
[Site "Harrachov"]
[Date "2018.11.01"]
[Round "7"]
[White "Bauer, Jan"]
[Black "Flajsman, Petr"]
[Result "0-1"]
[WhiteElo "1620"]
[BlackElo "1751"]
[PlyCount "86"]
[EventDate "2018.10.27"]

1. d4 Nf6 2. Nf3 d5 3. e3 c5 4. c3 e6 5. Bd3 Nc6 6. Nbd2 Bd6 7. O-O O-O 8. dxc5
Bxc5 9. b4 Bd6 10. Bb2 Bd7 11. a3 Rc8 12. e4 Ne5 13. Nxe5 Bxe5 14. Rc1 Bc6 15.
f4 Bb8 16. e5 Ne4 17. Qe2 Qb6+ 18. Kh1 Nxd2 19. Qxd2 Bb5 20. Rf3 Bxd3 21. Qxd3
Rc4 22. Rh3 g6 23. Qg3 Qd8 24. Rd1 Qe7 25. Rh6 Kg7 26. Bc1 f5 27. Rh3 Rfc8 28.
Rd3 a5 29. Bd2 axb4 30. axb4 Ba7 31. Qf3 Bb6 32. Be1 Ra8 33. Bh4 Qd7 34. Bf6+
Kg8 35. Rd1 Ra2 36. Qg3 Qa4 37. Re1 Bf2 38. Qg5 Ra1 39. g3 Rxe1+ 40. Kg2 Rg1+
41. Kxf2 Qd1 42. Rxh7 Qe1+ 43. Kf3 Rxc3# 0-1

[Event "MCech mladeze 2018 - HD14"]
[Site "Harrachov"]
[Date "2018.11.01"]
[Round "7"]
[White "Stocek, Martin"]
[Black "Soucek, Petr"]
[Result "1/2-1/2"]
[WhiteElo "1575"]
[BlackElo "1497"]
[PlyCount "54"]
[EventDate "2018.10.27"]

1. d4 d5 2. c4 c6 3. Nc3 dxc4 4. e3 e6 5. Bxc4 Nf6 6. Nf3 Be7 7. O-O O-O 8. e4
b5 9. Bd3 a6 10. Re1 Nbd7 11. e5 Nd5 12. Nxd5 cxd5 13. Qc2 h6 14. Be3 Bb7 15.
Qd2 Re8 16. Bxh6 gxh6 17. Qxh6 Nf8 18. Re3 f5 19. exf6 Bxf6 20. Ng5 Bxg5 21.
Rg3 Kf7 22. Rxg5 Qf6 23. Qh5+ Ke7 24. Qh4 Kf7 25. Re1 Rec8 26. Qh5+ Ke7 27. Qh4
Ke8 1/2-1/2

[Event "MCech mladeze 2018 - HD14"]
[Site "Harrachov"]
[Date "2018.11.01"]
[Round "7"]
[White "Husa, Daniel"]
[Black "Papousek, Michal"]
[Result "1-0"]
[WhiteElo "1605"]
[BlackElo "1587"]
[PlyCount "107"]
[EventDate "2018.10.27"]

1. d4 Nf6 2. Nf3 g6 3. g3 Bg7 4. c4 O-O 5. Bg2 d6 6. Nc3 c5 7. d5 Na6 8. O-O
Nc7 9. Re1 a6 10. a4 Rb8 11. a5 b5 12. axb6 Rxb6 13. e4 e5 14. dxe6 Bxe6 15.
Nd5 Ncxd5 16. cxd5 Bg4 17. Qc2 Qb8 18. Nd2 Bc8 19. Nc4 Rb3 20. Nxd6 Nd7 21. Nc4
Rb4 22. Bd2 Rb5 23. Bc3 Bxc3 24. bxc3 Nb6 25. Nxb6 Qxb6 26. Reb1 Bd7 27. Bf1
Rxb1 28. Rxb1 Qd6 29. Qb2 Re8 30. Bd3 c4 31. Bxc4 Rxe4 32. Qb8+ Qxb8 33. Rxb8+
Kg7 34. Bxa6 Bh3 35. Rb1 Ra4 36. Bb5 Ra8 37. c4 Kf6 38. Re1 Ra2 39. Rc1 Ke7 40.
c5 Kd8 41. d6 Rb2 42. Bc4 Be6 43. Bxe6 fxe6 44. c6 Rd2 45. d7 Kc7 46. Kg2 Rd3
47. Kf1 e5 48. Ke2 Ra3 49. Rd1 Ra8 50. Ke3 Rd8 51. Rc1 Ra8 52. Ke4 Ra4+ 53.
Kxe5 Ra2 54. f4 1-0

[Event "MCech mladeze 2018 - HD14"]
[Site "Harrachov"]
[Date "2018.11.01"]
[Round "7"]
[White "Hampl, David"]
[Black "Merinsky, Vaclav"]
[Result "0-1"]
[WhiteElo "1433"]
[BlackElo "1686"]
[PlyCount "36"]
[EventDate "2018.10.27"]

1. d4 Nf6 2. Nc3 g6 3. e4 d6 4. f3 Bg7 5. Nge2 O-O 6. Be3 Nbd7 7. Qd2 Nb6 8.
Nf4 e5 9. Nh3 exd4 10. Bxd4 Re8 11. Nf2 d5 12. Bxb6 axb6 13. O-O-O Be6 14. exd5
Nxd5 15. Nxd5 Rxa2 16. Nc3 Ra1+ 17. Nb1 Ba2 18. Qxd8 Bh6+ 0-1

[Event "MCech mladeze 2018 - HD14"]
[Site "Harrachov"]
[Date "2018.11.01"]
[Round "7"]
[White "Starikova, Vassilina"]
[Black "Pulpan, Ondrej"]
[Result "0-1"]
[WhiteElo "1327"]
[BlackElo "1571"]
[PlyCount "106"]
[EventDate "2018.10.27"]

1. e4 c5 2. Bc4 d6 3. d3 g6 4. c3 Bg7 5. Be3 Nc6 6. Ne2 Nf6 7. O-O O-O 8. f3
Bd7 9. d4 Na5 10. Bd3 c4 11. Bc2 d5 12. b3 b5 13. b4 Nb7 14. Nf4 e6 15. e5 Ne8
16. Nh3 a5 17. Qd2 axb4 18. cxb4 Qb6 19. Kh1 Nd8 20. Bh6 Nc6 21. a3 Qxd4 22.
Qxd4 Nxd4 23. Bxg7 Nxg7 24. Rf2 Nc6 25. Nc3 Nxb4 26. Bd1 Nd3 27. Re2 b4 28. Nb1
b3 29. Nc3 b2 30. Rb1 Rxa3 31. Rc2 Nf5 32. Nf2 Nxf2+ 33. Rxf2 Rxc3 34. Rfxb2
Ra3 35. Bc2 Nd4 36. Rc1 Nxc2 37. Rbxc2 Rfa8 38. Kg1 Ra1 39. Kf2 Rxc1 40. Rxc1
Ra3 41. Ke2 Ba4 42. Kd2 c3+ 43. Rxc3 Rxc3 44. Kxc3 Kf8 45. Kd4 Ke7 46. f4 f6
47. g3 fxe5+ 48. Kxe5 h5 49. h4 Bd1 50. Kd4 Kd6 51. Ke3 Kc5 52. Kd3 Bg4 53. Kc3
d4+ 0-1

[Event "MCech mladeze 2018 - HD14"]
[Site "Harrachov"]
[Date "2018.11.01"]
[Round "7"]
[White "Trasakova, Adela"]
[Black "Strnadova, Monika"]
[Result "1/2-1/2"]
[WhiteElo "1293"]
[BlackElo "1532"]
[EventDate "2018.10.27"]
[PlyCount "38"]

1. d4 Nf6 2. Bf4 e6 3. Nf3 b6 4. Nbd2 Bb7 5. c3 Be7 6. h3 O-O 7. Qc2 Nd5 8. Bg3
f5 9. e4 fxe4 10. Qxe4 Qc8 11. Bd3 g6 12. Qe2 c5 13. O-O Nc6 14. dxc5 Bxc5 15.
Ne4 Nf4 16. Bxf4 Rxf4 17. Nxc5 bxc5 18. Rad1 Qf8 19. Ba6 Bxa6 1/2-1/2

[Event "MCech mladeze 2018 - HD14"]
[Site "Harrachov"]
[Date "2018.11.01"]
[Round "7"]
[White "Pecka, Jan"]
[Black "Langmajer, Jan"]
[Result "1/2-1/2"]
[WhiteElo "1515"]
[BlackElo "1464"]
[PlyCount "114"]
[EventDate "2018.10.27"]

1. e4 c5 2. Nf3 e6 3. c3 d5 4. exd5 exd5 5. d4 Nc6 6. Be3 cxd4 7. Nxd4 Nf6 8.
Bd3 g6 9. O-O Bg7 10. Nxc6 bxc6 11. Bc5 Be6 12. Re1 Nd7 13. Ba3 c5 14. Bb5 O-O
15. Bxd7 Qxd7 16. Bxc5 Rfc8 17. Bd4 Bxd4 18. Qxd4 Rc4 19. Qd2 Qd6 20. Na3 Rh4
21. g3 Ra4 22. Nb5 Qc5 23. Nd4 Bh3 24. Qe3 Rb8 25. Nb3 Qxe3 26. fxe3 Bf5 27.
Rec1 Kg7 28. Nc5 Rc4 29. b4 Re8 30. Kf2 Be4 31. Ke2 Bf5 32. Kd2 Rg4 33. a4 Rg5
34. c4 Rb8 35. Kc3 dxc4 36. Kxc4 Rg4+ 37. Kc3 Rc8 38. Rd1 a5 39. Rd4 axb4+ 40.
Kxb4 Rb8+ 41. Ka3 Rg5 42. Rb4 Ra8 43. Nb3 Bd7 44. Rd1 Be8 45. Rdd4 Re5 46. e4
Re7 47. Nc5 Rea7 48. Kb3 Kf6 49. Rb6+ Kg5 50. h3 h5 51. Rbb4 Kf6 52. h4 Kg7 53.
Ka3 Kf6 54. Rb6+ Kg7 55. Rbb4 Kf6 56. Nb3 Kg7 57. a5 Bd7 1/2-1/2

[Event "MCech mladeze 2018 - HD14"]
[Site "Harrachov"]
[Date "2018.11.01"]
[Round "7"]
[White "Studenovsky, Jaroslav"]
[Black "Ocelak, Jakub"]
[Result "0-1"]
[WhiteElo "1285"]
[BlackElo "1472"]
[PlyCount "62"]
[EventDate "2018.10.27"]

1. d4 Nf6 2. Nf3 g6 3. e3 Bg7 4. c4 O-O 5. Be2 d6 6. O-O Nbd7 7. Nc3 e5 8. dxe5
Nxe5 9. Nxe5 dxe5 10. e4 h6 11. Be3 Be6 12. Rc1 c6 13. a4 Qe7 14. Qc2 Nd7 15.
Rfd1 f5 16. f3 f4 17. Bf2 Nf6 18. Rd2 g5 19. h3 h5 20. Rcd1 g4 21. hxg4 hxg4
22. g3 Nh5 23. fxg4 fxg3 24. Be1 Qh4 25. Bf1 Bxg4 26. Bxg3 Qxg3+ 27. Rg2 Qe3+
28. Kh2 Qf4+ 29. Kg1 Bxd1 30. Qxd1 Ng3 31. Qd7 Rf7 0-1

[Event "MCech mladeze 2018 - HD14"]
[Site "Harrachov"]
[Date "2018.11.01"]
[Round "7"]
[White "Habenicht, Martin"]
[Black "Machacek, Jan"]
[Result "1-0"]
[WhiteElo "1729"]
[BlackElo "1462"]
[EventDate "2018.10.27"]
[PlyCount "61"]

1. d4 Nf6 2. Nf3 g6 3. c4 Bg7 4. Nc3 O-O 5. e4 d6 6. Be2 e5 7. O-O Nc6 8. d5
Ne7 9. h3 Nd7 10. Bd2 f5 11. Ng5 Nf6 12. f4 exf4 13. Bxf4 h6 14. Ne6 Bxe6 15.
dxe6 Nxe4 16. Nxe4 fxe4 17. Qc2 d5 18. Rad1 c6 19. cxd5 Qb6+ 20. Kh1 Nxd5 21.
Qxe4 Rxf4 22. Rxf4 Nxf4 23. Qxf4 Rf8 24. Qc4 Kh7 25. e7 Rh8 26. Qf7 Qe3 27. Bd3
Qg3 28. e8=Q Rxe8 29. Qxe8 Be5 30. Bxg6+ Qxg6 31. Qxe5 1-0

[Event "MCech mladeze 2018 - HD14"]
[Site "Harrachov"]
[Date "2018.11.01"]
[Round "7"]
[White "Kulhanek, Jachym"]
[Black "Bednar, Milos"]
[Result "0-1"]
[WhiteElo "1553"]
[BlackElo "1301"]
[EventDate "2018.10.27"]
[PlyCount "62"]

1. e4 c5 2. c3 Nc6 3. d4 cxd4 4. cxd4 d5 5. exd5 Qxd5 6. Nf3 Bg4 7. Nc3 Bxf3 8.
Nxd5 Bxd1 9. Nc7+ Kd7 10. Nxa8 Bg4 11. Bb5 e6 12. O-O Bd6 13. f3 Bf5 14. h4 h6
15. g4 Bh7 16. Bd2 Nge7 17. Bc3 Nd5 18. Bd2 Rxa8 19. Kg2 a6 20. Bxc6+ Kxc6 21.
Rac1+ Kd7 22. f4 Be4+ 23. Kh3 g6 24. a3 Rh8 25. Kg3 g5 26. hxg5 hxg5 27. Rce1
gxf4+ 28. Bxf4 Bxf4+ 29. Rxf4 Nxf4 30. Rxe4 Nd5 31. Re1 f6 0-1

[Event "MCech mladeze 2018 - HD14"]
[Site "Harrachov"]
[Date "2018.11.01"]
[Round "7"]
[White "Ocenasek, Jan"]
[Black "Rousek, Jan"]
[Result "1-0"]
[WhiteElo "1391"]
[BlackElo "1525"]
[EventDate "2018.10.27"]

1. e4 c5 2. Nf3 e6 3. d4 cxd4 4. Nxd4 Nf6 5. Nc3 Nc6 6. Nxc6 bxc6 7. Bd3 Bb4 8.
O-O Qc7 9. Re1 O-O 10. e5 Nd5 11. Nxd5 exd5 12. c3 Bc5 13. Qh5 g6 14. Qh6 Be7
15. Bf4 d6 16. Re3 f5 17. exd6 Bxd6 18. Bxd6 Qxd6 19. Rae1 Bd7 20. Re7 Rf7 21.
Rxf7 Kxf7 22. Qxh7+ Kf6 23. Qh4+ Kf7 24. c4 Re8 25. Rxe8 Kxe8 26. Qg3 Qxg3 27.
fxg3 d4 28. b4 Be6 29. Kf2 Kd7 30. Kf3 g5 31. h4 Kd6 32. hxg5 Ke5 33. a4 a5 34.
b5 cxb5 35. cxb5 Bb3 36. Ke2 Bxa4 37. b6 Kd6 38. Bc4 Be8 39. Kd3 Bg6 40. Kxd4
Kc6 41. b7 Kxb7 42. Ke5 Kc6 43. Kf6 Bh5 44. g6 Bxg6 45. Kxg6 Kc5 46. Bf7 Kd4
47. Kxf5 1-0

[Event "MCech mladeze 2018 - HD14"]
[Site "Harrachov"]
[Date "2018.11.01"]
[Round "7"]
[White "Gloser, Tomas"]
[Black "Kotal, Vit"]
[Result "0-1"]
[WhiteElo "1316"]
[BlackElo "1514"]
[EventDate "2018.10.27"]
[PlyCount "54"]

1. e4 c5 2. b3 Nc6 3. Bb2 d6 4. Nc3 Nf6 5. Nge2 e6 6. d3 a6 7. g3 b5 8. Bg2 Bb7
9. O-O Be7 10. f4 O-O 11. Qd2 d5 12. exd5 exd5 13. Rae1 c4 14. dxc4 Bc5+ 15.
Kh1 dxc4 16. Qc1 Ng4 17. Ne4 Ba7 18. N2c3 b4 19. Nd1 c3 20. Ba1 a5 21. h3 Nf6
22. Ne3 Nxe4 23. Bxe4 Qc8 24. g4 Nd4 25. Nc4 f5 26. Nd6 Bxe4+ 27. Rxe4 Qc6 0-1

[Event "MCech mladeze 2018 - HD14"]
[Site "Harrachov"]
[Date "2018.11.02"]
[Round "8"]
[White "Rokos, Filip"]
[Black "Jares, Michal"]
[Result "1/2-1/2"]
[WhiteElo "1962"]
[BlackElo "1893"]
[PlyCount "145"]
[EventDate "2018.10.27"]

1. e4 c5 2. Nf3 Nc6 3. d4 cxd4 4. Nxd4 Nf6 5. Nc3 e5 6. Ndb5 d6 7. Bg5 a6 8.
Na3 b5 9. Nd5 Be7 10. Bxf6 Bxf6 11. c3 O-O 12. Nc2 Bg5 13. a4 bxa4 14. Rxa4 g6
15. Nce3 Kh8 16. h4 Bxh4 17. g3 Bg5 18. Bg2 Rb8 19. Qe2 a5 20. Bh3 Bxh3 21.
Rxh3 Qd7 22. Rh1 Nd4 23. Qd1 Rxb2 24. cxd4 Rfb8 25. Ra1 Qb5 26. f4 exf4 27.
gxf4 Bd8 28. Nc3 Qc6 29. Ned5 a4 30. Qxa4 Qc8 31. Qe8+ Kg7 32. Ra7 Bh4+ 33.
Rxh4 Qxe8 34. Rxh7+ Kxh7 35. Nf6+ Kg7 36. Nxe8+ Rxe8 37. e5 Rc8 38. Nd1 Rb1 39.
Kd2 dxe5 40. fxe5 Rd8 41. Ra4 g5 42. Ne3 Rh8 43. Nf5+ Kg6 44. Ne7+ Kh5 45. d5
Rb7 46. d6 Rd7 47. Nd5 Kg6 48. Ne7+ Rxe7 49. dxe7 Re8 50. Ra6+ Kh5 51. Ra7 Kg4
52. Ke3 Kf5 53. Kd4 Ke6 54. Ke4 g4 55. Kf4 g3 56. Ra3 g2 57. Rg3 Rxe7 58. Rxg2
Rb7 59. Rg7 Rb4+ 60. Kf3 Rb7 61. Kf4 Rb1 62. Rh7 Rb4+ 63. Kf3 Ra4 64. Ke3 Rg4
65. Kd3 Rf4 66. Ke3 Rf5 67. Kd4 Rf4+ 68. Ke3 Kxe5 69. Rh5+ f5 70. Rh8 Re4+ 71.
Kf3 Kd4 72. Rd8+ Ke5 73. Re8+ 1/2-1/2

[Event "MCech mladeze 2018 - HD14"]
[Site "Harrachov"]
[Date "2018.11.02"]
[Round "8"]
[White "Prochazka, Vojtech"]
[Black "Jun, Rudolf"]
[Result "1/2-1/2"]
[WhiteElo "1601"]
[BlackElo "1880"]
[PlyCount "57"]
[EventDate "2018.10.27"]

1. e4 c5 2. Nf3 d6 3. c3 Nf6 4. h3 Nc6 5. Bd3 g6 6. O-O Bg7 7. Bc2 e5 8. d4
cxd4 9. cxd4 exd4 10. Nxd4 O-O 11. Nxc6 bxc6 12. Nc3 Re8 13. Bg5 Be6 14. Qd2
Qb6 15. Rab1 d5 16. Bxf6 Bxf6 17. exd5 cxd5 18. Nxd5 Bxd5 19. Qxd5 Rad8 20. Qf3
Rd2 21. Bb3 Ree2 22. Rbd1 Kg7 23. Rxd2 Rxd2 24. Qe3 Rxb2 25. Qxb6 axb6 26. Rd1
Be5 27. g3 f5 28. Rd7+ Kh8 29. Rd8+ 1/2-1/2

[Event "MCech mladeze 2018 - HD14"]
[Site "Harrachov"]
[Date "2018.11.02"]
[Round "8"]
[White "Brozka, Karel"]
[Black "Skypala, Ondrej"]
[Result "1/2-1/2"]
[WhiteElo "1717"]
[BlackElo "1702"]
[PlyCount "67"]
[EventDate "2018.10.27"]

1. d4 Nf6 2. Nf3 g6 3. c4 Bg7 4. Nc3 O-O 5. e4 d6 6. Be2 e5 7. dxe5 dxe5 8.
Qxd8 Rxd8 9. Bg5 Re8 10. Bxf6 Bxf6 11. Nd5 Bd8 12. O-O-O c6 13. Nc3 f6 14. Rd2
Be7 15. Rhd1 Be6 16. a3 a5 17. Kc2 Na6 18. Na4 Rab8 19. Nc3 Rec8 20. Ne1 b5 21.
cxb5 cxb5 22. Kb1 Nc7 23. Nc2 b4 24. axb4 axb4 25. Nd5 Nxd5 26. exd5 Bf5 27. g4
Be4 28. f3 Bxc2+ 29. Rxc2 Rxc2 30. Kxc2 Bd6 31. Kb3 Ra8 32. Bb5 Kf7 33. Rc1 Ke7
34. Bc6 1/2-1/2

[Event "MCech mladeze 2018 - HD14"]
[Site "Harrachov"]
[Date "2018.11.02"]
[Round "8"]
[White "Ret, Adam Josef"]
[Black "Dudek, Vojtech"]
[Result "1/2-1/2"]
[WhiteElo "1859"]
[BlackElo "2002"]
[PlyCount "114"]
[EventDate "2018.10.27"]

1. d4 Nf6 2. c4 c5 3. e3 g6 4. Nc3 Bg7 5. Nf3 O-O 6. g3 cxd4 7. Nxd4 d5 8. cxd5
Nxd5 9. Bg2 Nxc3 10. bxc3 e5 11. Ne2 Qxd1+ 12. Kxd1 Rd8+ 13. Kc2 Bf5+ 14. e4
Be6 15. Be3 Nc6 16. Nc1 Rac8 17. Nb3 b6 18. Kb2 Kf8 19. Rhd1 Ke7 20. Rxd8 Nxd8
21. f3 Nb7 22. Bf1 Nd6 23. Nd2 f5 24. Rc1 fxe4 25. fxe4 Bc4 26. Bg5+ Bf6 27.
Bxf6+ Kxf6 28. Bxc4 Nxc4+ 29. Nxc4 Rxc4 30. Re1 Kg5 31. h3 h5 32. Kc2 h4 33.
Kd3 Rc6 34. gxh4+ Kxh4 35. Re3 b5 36. Rf3 Ra6 37. Rf2 Kxh3 38. Rb2 Ra5 39. Ke3
a6 40. Rf2 Ra3 41. Rf6 Rxc3+ 42. Kd2 Rg3 43. Rxa6 Kg2 44. Re6 Rg5 45. Ke2 Kh3
46. Rb6 Rg2+ 47. Kf3 Rg3+ 48. Kf2 Rg2+ 49. Kf3 Rxa2 50. Rxb5 g5 51. Rxe5 g4+
52. Kf4 g3 53. Rh5+ Kg2 54. e5 Kf2 55. Rg5 Ra4+ 56. Kf5 Kf3 57. Kf6 Rf4+
1/2-1/2

[Event "MCech mladeze 2018 - HD14"]
[Site "Harrachov"]
[Date "2018.11.02"]
[Round "8"]
[White "Flajsman, Petr"]
[Black "Mach, Petr"]
[Result "1/2-1/2"]
[WhiteElo "1751"]
[BlackElo "1869"]
[PlyCount "43"]
[EventDate "2018.10.27"]

1. e4 e5 2. f4 exf4 3. Nf3 d5 4. exd5 Nf6 5. d4 Nxd5 6. Bc4 Be7 7. O-O O-O 8.
Bxd5 Qxd5 9. Bxf4 Qd8 10. Qd3 Nd7 11. Nbd2 Nf6 12. c3 h6 13. Rae1 Be6 14. h3 c5
15. g4 Bd6 16. Ne5 Qc7 17. Bxh6 Nd5 18. Be3 Nxe3 19. Qxe3 cxd4 20. cxd4 f6 21.
Nef3 Rfe8 22. Qc3 1/2-1/2

[Event "MCech mladeze 2018 - HD14"]
[Site "Harrachov"]
[Date "2018.11.02"]
[Round "8"]
[White "Pulpan, Ondrej"]
[Black "Hak, David"]
[Result "0-1"]
[WhiteElo "1571"]
[BlackElo "1946"]
[PlyCount "40"]
[EventDate "2018.10.27"]

1. e4 e6 2. d4 d5 3. exd5 exd5 4. Bd3 Bd6 5. Ne2 Nf6 6. Nbc3 c6 7. Bg5 O-O 8.
Qd2 Bg4 9. O-O-O b5 10. h3 Bxe2 11. Nxe2 Nbd7 12. Ng3 Qc7 13. Nf5 Ne4 14. Bxe4
dxe4 15. Kb1 Nb6 16. Nxg7 Kxg7 17. Bh6+ Kh8 18. Bg7+ Kg8 19. Qg5 Bf4 20. Qf6
Nd5 0-1

[Event "MCech mladeze 2018 - HD14"]
[Site "Harrachov"]
[Date "2018.11.02"]
[Round "8"]
[White "Ruzicka, Filip"]
[Black "Stocek, Martin"]
[Result "1-0"]
[WhiteElo "1699"]
[BlackElo "1575"]
[PlyCount "47"]
[EventDate "2018.10.27"]

1. b3 d5 2. Bb2 Bf5 3. e3 e6 4. c4 c6 5. Nf3 Nf6 6. Nc3 Bb4 7. cxd5 exd5 8. Be2
O-O 9. O-O Nbd7 10. Nd4 Be6 11. f4 Nc5 12. a3 Bxc3 13. Bxc3 Nce4 14. Bb2 Qb6
15. g4 c5 16. Nxe6 Qxe6 17. g5 Nd7 18. Bg4 Qc6 19. Rc1 f5 20. Bf3 Qb6 21. d3
Nd6 22. Bxd5+ Kh8 23. Qh5 Ne8 24. Rf3 1-0

[Event "MCech mladeze 2018 - HD14"]
[Site "Harrachov"]
[Date "2018.11.02"]
[Round "8"]
[White "Merinsky, Vaclav"]
[Black "Vaclavik, Jan"]
[Result "1/2-1/2"]
[WhiteElo "1686"]
[BlackElo "1544"]
[PlyCount "67"]
[EventDate "2018.10.27"]

1. f4 d5 2. Nf3 Nf6 3. e3 g6 4. Nc3 Bg7 5. b3 O-O 6. Bb2 c5 7. Bd3 Nc6 8. O-O
e5 9. fxe5 Ng4 10. Be2 Ngxe5 11. Nxe5 Nxe5 12. Rb1 Be6 13. Bf3 Qd7 14. Ba3 b6
15. Na4 Rfe8 16. Nc3 Rad8 17. Ne2 Bg4 18. Bxg4 Nxg4 19. h3 Ne5 20. Bb2 f5 21.
Ng3 Nc6 22. Bxg7 Kxg7 23. Qf3 b5 24. a3 Re7 25. Rbe1 Rde8 26. Re2 Ne5 27. Qf2
Nf7 28. h4 Re6 29. Qf4 Qe7 30. Rfe1 Nd6 31. d3 c4 32. b4 cxd3 33. cxd3 Kg8 34.
Kh2 1/2-1/2

[Event "MCech mladeze 2018 - HD14"]
[Site "Harrachov"]
[Date "2018.11.02"]
[Round "8"]
[White "Ocelak, Jakub"]
[Black "Husa, Daniel"]
[Result "1-0"]
[WhiteElo "1472"]
[BlackElo "1605"]
[PlyCount "115"]
[EventDate "2018.10.27"]

1. d4 Nf6 2. c4 g6 3. Nc3 d5 4. cxd5 Nxd5 5. e4 Nxc3 6. bxc3 c5 7. Nf3 Bg7 8.
Rb1 Nc6 9. d5 Bxc3+ 10. Bd2 Bxd2+ 11. Qxd2 Nd4 12. Nxd4 cxd4 13. Qxd4 Qa5+ 14.
Qd2 Qxd2+ 15. Kxd2 b6 16. Ke3 Bb7 17. a4 f5 18. f3 Rb8 19. a5 Bc8 20. Bd3 fxe4
21. fxe4 O-O 22. Rhc1 Rd8 23. Rc6 b5 24. Rxb5 Rxb5 25. Bxb5 Bd7 26. Rc5 Bxb5
27. Rxb5 Rd7 28. e5 Kf8 29. Ke4 Rc7 30. a6 Rc4+ 31. Kd3 Ra4 32. Rb8+ Kf7 33.
Rb7 Ra5 34. Rd7 Ke8 35. Rxa7 Rxd5+ 36. Ke4 Ra5 37. e6 Kd8 38. Rd7+ Ke8 39. a7
Ra4+ 40. Ke5 Ra5+ 41. Kf4 h6 42. Rb7 Ra4+ 43. Kf3 Ra3+ 44. Kg4 Ra4+ 45. Kh3 Kf8
46. Rb8+ Kg7 47. a8=Q Rxa8 48. Rxa8 Kf6 49. Ra6 g5 50. g4 Ke5 51. Kg3 Kd5 52.
Kf3 Ke5 53. Ra7 Kxe6 54. Ra6+ Kd5 55. Rxh6 e5 56. Rg6 Kd4 57. Rxg5 e4+ 58. Ke2
1-0